000 01254nam a2200301 4500
003 EG-GICUC
005 20260419135047.0
008 251116s1985 ua ||||fr|||| 00| 0 ara d
017 _a857776
040 _a EG-GICUC
_bara
_c EG-GICUC
_d EG-GICUC
_erda
041 0 _aara
082 0 4 _221
_a341.84
_bس ا . د
092 0 4 _221
099 _aLaw1 12 341.84 س ا . د 1985
100 0 _aسامية راشد
_eمؤلف.
245 1 0 _aدور المادة 24 مدني في حل مشكلات تنازع القوانين :
_bنظرة مستقبلية /
_cسامية راشد.
264 _a[مكان النشر غير محدد ] :
_b[الناشر غير محدد ]،
_c1985.
300 _a72 ؛صفحة
_c24 سم
336 _2rda content
_atext
337 _2rda media
_aComputer
338 _2rda carrier
_aOnline Resource
504 _aيحتوي على اراجاعات ببليوجرافية يحتوي على قائمة بالمراجع.
546 _aالنص أغلبه باللغة العربية بعض النصوص الإنجليزية والفرنسية
650 1 4 _aتنازع القوانين - قانون دولي
856 4 0 _uhttps://fll.law.cu.edu.eg/fulltext/bks/B12-01301.pdf
905 _a75
_eYara
942 _2ddc
_n0
_cBK
_e21
999 _c43655
_d43655